000 00922nam a2200265Ia 4500
003 OSt
005 20221005111439.0
006 a|||||r|||| 00| 0
007 ta
008 221004b |||||||| |||| 00| 0 hin d
020 _a8181432975 (hbk)
_c150
024 _a112494
037 _b371, 17/02/2011, Vani Prakashan
_cTextual
040 _aCRL
_cCRL
_bhin
041 _2hin
_ahin
082 _aO152,1N34x, P5
100 _aवाजपेयी, कैलाश
245 0 _aहवा में हस्ताक्षर
246 _aHavā mean hastākṣhara
260 _aनई दिल्ली
_bवाणी प्रकाशन भारत
_c2005
300 _a112पृ0
_ccm.
650 _aहिन्दी साहित्य
942 _hO152,1N34x, P5
_cTEXL
_2cc
999 _c1021861
_d1021861